书目信息 |
| 题名: |
小喇嘛降妖
|
|
| 作者: | ;本社 编 | |
| 分册: | ||
| 出版信息: | 沈阳 春风文艺出版社 1982.11 |
|
| 页数: | 193页 | |
| 开本: | 20cm | |
| 丛书名: | ||
| 单 册: | ||
| 中图分类: | I276.3 | |
| 科图分类: | ||
| 主题词: | 民间文学--中国 | |
| 电子资源: | ||
| ISBN: | ||
| 000 | 00508nam0 2200193 45 | |
| 001 | 0312221749 | |
| 005 | 20060820150850.78 | |
| 010 | @dCNY0.70 | |
| 091 | @a10158.664 | |
| 100 | @a20031222d1982 km y0chiy0120 ea | |
| 101 | @achi | |
| 200 | 1 | @a小喇嘛降妖@AXiao La Ma Jiang Yao@e蒙古民间故事选@f本社编@FBen She Bian |
| 210 | @a沈阳@c春风文艺出版社@d1982.11 | |
| 215 | @a193页@d20cm | |
| 606 | 0 | @a民间文学@x中国 |
| 690 | @aI276.3@v3 | |
| 711 | 02 | @a本社@4编 |
| 801 | @aCN@bTSTCL@c20060820 | |
| 905 | @dI276.3@e32 | |
| 小喇嘛降妖:蒙古民间故事选/本社编.-沈阳:春风文艺出版社,1982.11 |
| 193页;20cm |
| ISBN :CNY0.70 |
| ● |
| 相关链接 |
|
|
|
|
正题名:小喇嘛降妖
索取号:I276.3/32
 
预约/预借
| 序号 | 登录号 | 条形码 | 馆藏地/架位号 | 状态 | 备注 |
| 1 | 0075639 | 001598694 | 第二借阅区/ [索取号:I276.3/32] | 在馆 | |
| 2 | 0076537 | 000037882 | 第二借阅区/ [索取号:I276.3/32] | 在馆 | |
| 3 | 0076538 | 001598667 | 第二借阅区/ [索取号:I276.3/32] | 在馆 | |
| 4 | 0076539 | 001598694 | 第二借阅区/ [索取号:I276.3/32] | 在馆 | |
| 5 | 0076540 | 000037846 | 第一样本阅览室/ [索取号:I276.3/32] | 在馆 | |
| 6 | 0443635 | 204436351 | 密集书库/ [索取号:I276.3/32] | 在馆 | |
| 7 | 0469818 | 204698185 | 密集书库/ [索取号:I276.3/32] | 在馆 | |
| 8 | 0471466 | 204714666 | 密集书库/ [索取号:I276.3/32] | 在馆 |